Charles Valete agreement, (Record no. 42729)

MARC details
000 -LEADER
fixed length control field 01098cpcaa2200313 a 4500
001 - CONTROL NUMBER
control field mm 80004364
003 - CONTROL NUMBER IDENTIFIER
control field DLC
005 - DATE AND TIME OF LATEST TRANSACTION
control field 20260227111702.0
008 - FIXED-LENGTH DATA ELEMENTS--GENERAL INFORMATION
fixed length control field 800115|||||||||||| fre
010 ## - LIBRARY OF CONGRESS CONTROL NUMBER
LC control number mm 80004364
040 ## - CATALOGING SOURCE
Original cataloging agency DLC
Transcribing agency DLC
Description conventions dacs
Modifying agency DLC
072 #7 - SUBJECT CATEGORY CODE
Subject category code C
Source lcmd
100 1# - MAIN ENTRY--PERSONAL NAME
Personal name Valete, Charles.
245 00 - TITLE STATEMENT
Title Charles Valete agreement,
Inclusive dates 1791 January 8.
300 ## - PHYSICAL DESCRIPTION
Extent 1
Type of unit item.
506 0# - RESTRICTIONS ON ACCESS NOTE
Terms governing access Open to research.
520 8# - SUMMARY, ETC.
Summary, etc. Valete's agreement with François Cayol, captain of the ship Les Bons Amis, relating to trade with Port-au-Prince, Haiti.
545 0# - BIOGRAPHICAL OR HISTORICAL DATA
Biographical or historical data French merchant.
546 ## - LANGUAGE NOTE
Language note Collection material in French.
580 ## - LINKING ENTRY COMPLEXITY NOTE
Linking entry complexity note Forms part of: Miscellaneous Manuscripts collection.
600 10 - SUBJECT ADDED ENTRY--PERSONAL NAME
Personal name Cayol, François.
610 20 - SUBJECT ADDED ENTRY--CORPORATE NAME
Corporate name or jurisdiction name as entry element Bons Amis (Ship)
651 #0 - SUBJECT ADDED ENTRY--GEOGRAPHIC NAME
Geographic name France
General subdivision Commerce
Geographic subdivision Haiti.
651 #0 - SUBJECT ADDED ENTRY--GEOGRAPHIC NAME
Geographic name Haiti
General subdivision Commerce
Geographic subdivision France.
651 #0 - SUBJECT ADDED ENTRY--GEOGRAPHIC NAME
Geographic name Port-au-Prince (Haiti)
656 #7 - INDEX TERM--OCCUPATION
Occupation Merchants.
Source of term itoamc

No items available.

Powered by Koha